书目信息 |
| 题名: |
色彩
|
|
| 作者: | 冯健亲 , 邬烈炎 , 张连生 编著 | |
| 分册: | ||
| 出版信息: | 南京 江苏美术出版社 2008.01 |
|
| 页数: | 357页 | |
| 开本: | 26cm | |
| 丛书名: | ||
| 单 册: | ||
| 中图分类: | J063 | |
| 科图分类: | ||
| 主题词: | 色彩学--se cai xue | |
| 电子资源: | ||
| ISBN: | 978-7-5344-2192-1 | |
| 000 | 00985nam0 2200289 450 | |
| 001 | 012009100815 | |
| 005 | 20090621085625.43 | |
| 010 | @a978-7-5344-2192-1@dCNY88.00 | |
| 100 | @a20090621d2008 em y0chiy0120 ea | |
| 101 | 0 | @achi |
| 102 | @aCN@b320000 | |
| 105 | @aa z 000yy | |
| 106 | @ar | |
| 200 | 1 | @a色彩@Ase cai@f冯健亲 ... [等] 编著@Ffeng jian qin...[deng]bian zhu |
| 210 | @a南京@c江苏美术出版社@d2008.01 | |
| 215 | @a357页@c图@d26cm | |
| 304 | @a题名页题 : 冯健亲, 邬烈炎, 张连生, 苏凌, 莫雄, 曹方编著 | |
| 312 | @a副题名取自封面 | |
| 330 | @a本书主要内容包括:光色原理与色彩术语,色彩三原色理论及应用,色彩三要素与色立体,色彩的生理与心理功能等。 | |
| 517 | 1 | @a理论·实践·研究@Ali lun·shi jian·yan jiu |
| 606 | 0 | @a色彩学@Ase cai xue |
| 690 | @aJ063@v4 | |
| 701 | 0 | @a冯健亲@Afeng jian qin@4编著 |
| 701 | 0 | @a邬烈炎@Awu lie yan@4编著 |
| 701 | 0 | @a张连生@Azhang lian sheng@4编著 |
| 801 | 0 | @aCN@bQSSK@c20090621 |
| 905 | @b745229-31@dJ063@eF475@f3 | |
| 色彩/冯健亲 ... [等] 编著.-南京:江苏美术出版社,2008.01 |
| 357页:图;26cm |
| ISBN 978-7-5344-2192-1:CNY88.00 |
| 本书主要内容包括:光色原理与色彩术语,色彩三原色理论及应用,色彩三要素与色立体,色彩的生理与心理功能等。 |
| ● |
| 相关链接 |
|
|
|
正题名:色彩
索取号:J063/F475
 
预约/预借
| 序号 | 登录号 | 条形码 | 馆藏地/架位号 | 状态 | 备注 |
| 1 | 745229 | 207452291 | 自科二线404/309社科库 64排2列3层/ [索取号:J063/F475] | 在馆 | |
| 2 | 745230 | 207452308 | 社科库309/309社科库 64排2列3层/ [索取号:J063/F475] | 在馆 | |
| 3 | 745231 | 207452317 | 社科库309/309社科库 64排2列3层/ [索取号:J063/F475] | 在馆 |